00457nam a2200181Ia 4500003000400000008004100004040001600045082001500061100001800076245004100094260004600135300001000181650001600191650001300207650001700220650001900237650001900256GCL140319s9999 xx 000 0 eng d aGCL / cGCL04a300.9bB S1 aBROWN, LESTER10aSTATE OF THE WORLD / cBROWN, LESTER a[S.N] : bWORLD WATCH INSTITUTE ، c1996 a249 P04aENVIRONMENT04aDISEASES04aHUMAN RIGHTS04aSOCIAL SCIENCE04aSOCIAL JUSTICE